000 00431cam a2200181ua 4500
020 _c12.00
041 _ahin
_h
082 _a891.54
_bRAJ/AT
100 _aRajendra, Prasad .
245 _aAtmakadha /
_cRajendra Prasad.
_hTextual Documents
250 _a3 /
_b.
260 _aNew Delhi :
_bSasta Sahitya Mandir ,
_c1962.
300 _a853 ; .
365 _a12.00
504 _a
942 _cBK
999 _c8178
_d8178